| 000 | 00419nam a22001577a 4500 | ||
|---|---|---|---|
| 003 | OSt | ||
| 005 | 20251021093338.0 | ||
| 008 | 251021b |||||||| |||| 00| 0 eng d | ||
| 020 | _a9789966202666 | ||
| 040 | _cEVANGEL PUBLISHING HOUSE | ||
| 050 | _aPZ 7 .M37 1982 | ||
| 245 |
_aTHE CHICKEN CITY _cMARIMA, ESTHER |
||
| 250 | _a1ST EDITION | ||
| 260 |
_aNAIROBI,KENYA _bEVANGEL PUBLISHING HOUSE _c1982 |
||
| 942 |
_2lcc _cBK _n0 |
||
| 999 |
_c9664 _d9664 |
||